Classroom experiments : (Record no. 13855)

000 -LEADER
fixed length control field 00620nam a2200193Ia 4500
020 ## - INTERNATIONAL STANDARD BOOK NUMBER
ISBN 0395744210
040 ## - CATALOGING SOURCE
Transcribing agency MRC
082 ## - DEWEY DECIMAL CLASSIFICATION NUMBER
Classification number 746 HOU 1995 A085 Or.
100 1# - MAIN ENTRY--AUTHOR NAME
Personal name Delemeester, Greg
245 10 - TITLE STATEMENT
Title Classroom experiments :
Remainder of title to accompany Taylor's Economics : a user's guide /
246 14 - VARYING FORM OF TITLE
Title proper/short title Classroom experiments :
Remainder of title a user's guide.
260 ## - PUBLICATION, DISTRIBUTION, ETC. (IMPRINT)
Place of publication [Boston?] :
Name of publisher Houghton Mifflin,
Year of publication c1995.
300 ## - PHYSICAL DESCRIPTION
Number of Pages vi, 132 p. :
Other physical details ill. ;
Dimensions 28 cm.
500 ## - GENERAL NOTE
General note Manual which is meant to supplement the textbook Economics by John Taylor.
650 #0 - SUBJECT ADDED ENTRY--TOPICAL TERM
Topical Term Economics
700 1# - ADDED ENTRY--PERSONAL NAME
Personal name Neral, John.
700 1# - ADDED ENTRY--PERSONAL NAME
Personal name Taylor, John B.
942 ## - ADDED ENTRY ELEMENTS (KOHA)
Koha item type សៀវភៅភាសាអង់គ្លេស
952 ## - LOCATION AND ITEM INFORMATION (KOHA)
Withdrawn status [LOCAL, KOHA] 0
Holdings
Permanent Location Date acquired Koha item type Lost status Shelving location Barcode Current Location Full call number
Library Block A2017-08-31សៀវភៅភាសាអង់គ្លេស A085A16234Library Block A746 HOU 1995 A085 Or.
មជ្ឈមណ្ឌលឯការនៃសាកលវិទ្យាល័យភូមិន្ទកសិកម្មចំការដូង

Powered by Koha